Welcome to the Holygrace Academy Library

Please use search bar below to get started

THE MAN IN THE IRON MASK (Record no. 2969)

MARC details
000 -LEADER
fixed length control field 00437nam a22001577a 4500
020 ## - INTERNATIONAL STANDARD BOOK NUMBER
ISBN 978-81-7381-725
082 ## - DEWEY DECIMAL CLASSIFICATION NUMBER
Classification number 823
Item number DUM/M
100 ## - MAIN ENTRY--AUTHOR NAME
Personal name ALEXANDRE DUMAS
245 ## - TITLE STATEMENT
Title THE MAN IN THE IRON MASK
Remainder of title ADAPTED BY TERRY O'BRIEN
246 ## - VARYING FORM OF TITLE
Title proper/short title THE MAN IN THE IRON MASK
Remainder of title ADAPTED BY TERRY O'BRIEN
260 ## - PUBLICATION, DISTRIBUTION, ETC. (IMPRINT)
Place of publication NEW CENTRAL BOOK AGENCY (;P) LTD
Name of publisher KOLKATA
Year of publication 2012
300 ## - PHYSICAL DESCRIPTION
Number of Pages 180
520 ## - SUMMARY, ETC.
Summary, etc SHORT STORY
650 ## - SUBJECT ADDED ENTRY--TOPICAL TERM
Topical Term SHORT STORY
942 ## - ADDED ENTRY ELEMENTS (KOHA)
Koha item type Books
Holdings
Withdrawn status Lost status Collection code Home library Current library Shelving location Date acquired Source of acquisition Cost, normal purchase price Full call number Accession Number Koha item type
    Fiction Main Library Main Library SHELF 4-F ENGLISH CLASSICS 17/01/2019 Purchase 65.00 823 DUM/M 10479 Books